Negros Oriental and Siquijor islands : (Record no. 4420)
[ view plain ]
| 000 -LEADER | |
|---|---|
| fixed length control field | 00660nam a2200169 4500 |
| 008 - FIXED-LENGTH DATA ELEMENTS--GENERAL INFORMATION | |
| fixed length control field | 011018s2000 ph eng |
| 090 ## - LOCALLY ASSIGNED LC-TYPE CALL NUMBER (OCLC); LOCAL CALL NUMBER (OCLC) | |
| Classification number (OCLC) (R) ; Classification number, CALL (RLIN) (NR) | GR326.N43 |
| Local cutter number (OCLC) ; Book number/undivided call number, CALL (RLIN) | Al2 |
| 100 1# - MAIN ENTRY--PERSONAL NAME | |
| Personal name | Aldecoa-Rodrigues, Caridad |
| 245 10 - TITLE STATEMENT | |
| Title | Negros Oriental and Siquijor islands : |
| Remainder of title | legends, beliefs and folkways / |
| Statement of responsibility, etc | Caridad Aldecoa-Rodrigues. |
| 250 ## - EDITION STATEMENT | |
| Edition statement | xviii, 164 p. |
| 300 ## - PHYSICAL DESCRIPTION | |
| Extent | Dumaguete City : |
| Other physical details | Caridad Aldecoa-Rodrigues, |
| Dimensions | c2000 |
| 651 #4 - SUBJECT ADDED ENTRY--GEOGRAPHIC NAME | |
| Geographic name | Folk literature |
| Geographic subdivision | Negros Oriental (Philippines). |
| 651 #4 - SUBJECT ADDED ENTRY--GEOGRAPHIC NAME | |
| Geographic name | Folk literature |
| Geographic subdivision | Siquijor(Philippines). |
| 651 #4 - SUBJECT ADDED ENTRY--GEOGRAPHIC NAME | |
| Geographic name | Legends |
| Geographic subdivision | Philippines. |
| 951 ## - EQUIVALENCE OR CROSS-REFERENCE-GEOGRAPHIC NAME/AREA NAME [OBSOLETE] [CAN/MARC only] | |
| General subdivision | 00016147 |
| 951 ## - EQUIVALENCE OR CROSS-REFERENCE-GEOGRAPHIC NAME/AREA NAME [OBSOLETE] [CAN/MARC only] | |
| -- | 24060 |
| -- | GR326.N43/Al2 |
| -- | 070613111009312 |
| -- | 2000-12-21 |
| -- | FIL |
| Withdrawn status | Lost status | Damaged status | Not for loan | Home library | Current library | Shelving location | Date acquired | Accession number | Shelving control number | Total Checkouts | Full call number | Barcode | Date last seen | Price effective from | Koha item type |
|---|---|---|---|---|---|---|---|---|---|---|---|---|---|---|---|
| BSOP Library | BSOP Library | Filipiniana | 12/21/2000 | 24060 | 127 | GR326.N43/Al2 | 00016147 | 02/23/2013 | 02/23/2013 | Books |
